| 000 | 00711nas a2200229 4500 | ||
|---|---|---|---|
| 001 | BR8704964 | ||
| 003 | BR-BrBNA | ||
| 005 | 20231205090735.0 | ||
| 007 | ta | ||
| 008 | 230509b bl.|||p| |||| 00| 00por d | ||
| 040 |
_aBR-BrBNA _bpor _cBiblioteca Nacional de Agricultura |
||
| 041 | _a(Pt) | ||
| 072 | _aF06; E14 | ||
| 100 | 1 | _aMachado, N. | |
| 245 | 1 | _aIrrigacao prova em Guaira a tese de Caminha [Sao Paulo] | |
| 246 | 1 | _aIrrigation testifies Caminha's thesis in Guaira | |
| 650 | _aIRRIGACAO | ||
| 650 | _aGUAIRA | ||
| 773 | 0 |
_tITEM. Irrigacao e Tecnologia Moderna (Brazil) _xISSN 0102-115X _g(Sep 1986), no. 26 p. 5-8 _wBR8704964 |
|
| 909 |
_a202311 _bLúcia _c55 _dLúcia Elande |
||
| 942 |
_2AGRIS _n0 _cANA |
||
| 999 |
_c120559 _d120559 |
||